[Event "29. Klatovy A 2023"]
[Site "Klatovy"]
[Date "2023.07.02"]
[Round "2.15"]
[White "Roubal, Matyas"]
[Black "Kupsa, Matej 2001"]
[Result "1/2-1/2"]
[WhiteElo "1886"]
[BlackElo "2145"]
[PlyCount "81"]
[EventDate "2023.07.01"]
[EventType "swiss"]
[EventRounds "9"]
[EventCountry "CZE"]
[TimeControl "120+30"]

1. e4 {[%emt 0:00:01]} e6 {[%emt 0:01:07]} 2. d4 {[%emt 0:00:18]} d5 {[%emt 0:00:04]} 3. e5 {[%emt 0:00:43]} c5 {[%emt 0:00:14]} 4. c3 {[%emt 0:00:05]} Qb6 {[%emt 0:00:12]} 5. Nf3 {[%emt 0:00:15]} Nc6 {[%emt 0:00:06]} 6. Na3 {[%emt 0:00:38]} cxd4 {[%emt 0:03:01]} 7. cxd4 {[%emt 0:00:05]} Bb4+ {[%emt 0:00:24]} 8. Bd2 {[%emt 0:00:12]} Nge7 {[%emt 0:00:20]} 9. Nb5 {[%emt 0:05:00]} Bxd2+ {[%emt 0:01:44]} 10. Qxd2 {[%emt 0:00:09]} O-O {[%emt 0:00:11]} 11. Nd6 {[%emt 0:00:54]} f6 {[%emt 0:13:53]} 12. Bd3 {[%emt 0:22:38]} fxe5 {[%emt 0:10:49]} 13. Nxc8 {[%emt 0:01:12]} Raxc8 {[%emt 0:00:08]} 14. dxe5 {[%emt 0:00:08]} Qb4 {[%emt 0:10:28]} 15. Rd1 {[%emt 0:05:52]} Qg4 {[%emt 0:08:12]} 16. Qg5 {[%emt 0:07:23]} h5 {[%emt 0:24:24]} 17. O-O {[%emt 0:09:21]} Qxg5 {[%emt 0:15:42]} 18. Nxg5 {[%emt 0:00:25]} Nxe5 {[%emt 0:00:03]} 19. Nxe6 {[%emt 0:02:44]} Rf6 {[%emt 0:01:41]} 20. Nd4 {[%emt 0:00:37]} N7c6 {[%emt 0:05:54]} 21. Be2 {[%emt 0:05:03]} g6 {[%emt 0:05:52]} 22. f4 {[%emt 0:03:07]} Nc4 {[%emt 0:03:15]} 23. Nc2 {[%emt 0:05:24]} Rd8 {[%emt 0:02:09]} 24. Rxd5 {[%emt 0:09:01]} Nxb2 {[%emt 0:03:17]} 25. Rxd8+ {[%emt 0:01:13]} Nxd8 {[%emt 0:00:30]} 26. Rb1 {[%emt 0:01:39]} Na4 {[%emt 0:02:42]} 27. Rd1 {[%emt 0:01:08]} Nc6 {[%emt 0:02:03]} 28. g3 {[%emt 0:00:06]} Nb6 {[%emt 0:03:01]} 29. Ne3 {[%emt 0:01:18]} Kf7 {[%emt 0:02:13]} 30. f5 {[%emt 0:01:04]} Ne5 {[%emt 0:02:54]} 31. fxg6+ {[%emt 0:00:15]} Kxg6 {[%emt 0:00:33]} 32. Ng2 {[%emt 0:00:00]} Kh6 {[%emt 0:02:35]} 33. Nf4 {[%emt 0:00:16]} h4 {[%emt 0:01:52]} 34. Kg2 {[%emt 0:03:00]} Nbc4 {[%emt 0:01:31]} 35. Rd4 {[%emt 0:04:24]} Ne3+ {[%emt 0:00:40]} 36. Kh3 {[%emt 0:00:18]} hxg3 {[%emt 0:00:39]} 37. hxg3 {[%emt 0:00:08]} Ng6 {[%emt 0:00:33]} 38. Nxg6 {[%emt 0:00:43]} Kxg6 {[%emt 0:00:26]} 39. Rd7 {[%emt 0:00:33]} Kg5 {[%emt 0:01:25]} 40. Rg7+ {[%emt 0:01:25]} Rg6 {[%emt 0:00:11]} 41. Rxg6+ {[%emt 0:00:53]} 1/2-1/2

[Event "29. Klatovy A 2023"]
[Site "Klatovy"]
[Date "2023.07.02"]
[Round "2.16"]
[White "Mametev, Artem"]
[Black "Folk, Petr"]
[Result "1/2-1/2"]
[WhiteElo "1991"]
[BlackElo "2135"]
[PlyCount "136"]
[EventDate "2023.07.01"]
[EventType "swiss"]
[EventRounds "9"]
[EventCountry "CZE"]
[TimeControl "120+30"]

1. e4 {[%emt 0:00:03]} c5 {[%emt 0:00:16]} 2. Nf3 {[%emt 0:00:04]} Nc6 {[%emt 0:00:15]} 3. d4 {[%emt 0:00:07]} cxd4 {[%emt 0:00:05]} 4. Nxd4 {[%emt 0:00:03]} Nf6 {[%emt 0:00:58]} 5. Nc3 {[%emt 0:00:05]} e5 {[%emt 0:00:05]} 6. Ndb5 {[%emt 0:00:03]} d6 {[%emt 0:00:10]} 7. Bg5 {[%emt 0:00:03]} a6 {[%emt 0:00:07]} 8. Na3 {[%emt 0:00:03]} b5 {[%emt 0:00:05]} 9. Nd5 {[%emt 0:00:02]} Be7 {[%emt 0:00:11]} 10. Bxf6 {[%emt 0:00:05]} Bxf6 {[%emt 0:00:04]} 11. c4 {[%emt 0:00:03]} b4 {[%emt 0:00:37]} 12. Nc2 {[%emt 0:00:04]} a5 {[%emt 0:00:05]} 13. Qf3 {[%emt 0:00:10]} Be6 {[%emt 0:02:48]} 14. Rd1 {[%emt 0:04:53]} a4 {[%emt 0:00:54]} 15. b3 {[%emt 0:04:41]} axb3 {[%emt 0:01:42]} 16. axb3 {[%emt 0:00:02]} Ra2 {[%emt 0:24:48]} 17. Qd3 {[%emt 0:07:25]} O-O {[%emt 0:05:59]} 18. Be2 {[%emt 0:03:28]} Bg5 {[%emt 0:08:58]} 19. O-O {[%emt 0:05:31]} Qa5 {[%emt 0:12:58]} 20. Ra1 {[%emt 0:03:13]} Nd4 {[%emt 0:09:40]} 21. Ndxb4 {[%emt 0:15:50]} Nxe2+ {[%emt 0:00:25]} 22. Qxe2 {[%emt 0:00:02]} Qxb4 {[%emt 0:00:53]} 23. Rxa2 {[%emt 0:00:02]} Qxb3 {[%emt 0:00:18]} 24. Ra3 {[%emt 0:13:14]} Qxc4 {[%emt 0:08:18]} 25. Qxc4 {[%emt 0:00:09]} Bxc4 {[%emt 0:00:01]} 26. Rd1 {[%emt 0:01:08]} Rb8 {[%emt 0:01:36]} 27. Ne3 {[%emt 0:01:08]} Bxe3 {[%emt 0:01:42]} 28. Rxe3 {[%emt 0:00:08]} Kf8 {[%emt 0:02:52]} 29. h4 {[%emt 0:02:37]} Ke7 {[%emt 0:02:48]} 30. Rc3 {[%emt 0:01:00]} Rb4 {[%emt 0:01:00]} 31. Ra1 {[%emt 0:05:23]} Ke6 {[%emt 0:03:12]} 32. Ra8 {[%emt 0:01:54]} g6 {[%emt 0:02:33]} 33. h5 {[%emt 0:06:07]} gxh5 {[%emt 0:03:21]} 34. Rh8 {[%emt 0:04:11]} Be2 {[%emt 0:03:16]} 35. f3 {[%emt 0:00:24]} Kf6 {[%emt 0:00:43]} 36. Rxh7 {[%emt 0:01:15]} Kg6 {[%emt 0:00:45]} 37. Rh8 {[%emt 0:00:03]} Rd4 {[%emt 0:01:51]} 38. Rcc8 {[%emt 0:01:33]} d5 {[%emt 0:06:44]} 39. Rcg8+ {[%emt 0:00:34]} Kf6 {[%emt 0:00:11]} 40. Rh6+ {[%emt 0:00:23]} Ke7 {[%emt 0:00:14]} 41. Rxh5 {[%emt 0:00:33]} Rxe4 {[%emt 0:02:29]} 42. Rgg5 {[%emt 0:18:43]} f6 {[%emt 0:02:03]} 43. fxe4 {[%emt 0:02:32]} fxg5 {[%emt 0:00:14]} 44. Rxg5 {[%emt 0:00:14]} Kf6 {[%emt 0:01:22]} 45. Rf5+ {[%emt 0:01:16]} Ke6 {[%emt 0:00:04]} 46. Rf2 {[%emt 0:00:08]} Bg4 {[%emt 0:00:06]} 47. exd5+ {[%emt 0:00:11]} Kxd5 {[%emt 0:00:04]} 48. Rd2+ {[%emt 0:00:38]} Ke4 {[%emt 0:00:25]} 49. Kf2 {[%emt 0:00:14]} Kf4 {[%emt 0:00:24]} 50. Rd8 {[%emt 0:01:04]} Ke4 {[%emt 0:01:18]} 51. Kg3 {[%emt 0:03:34]} Be2 {[%emt 0:00:26]} 52. Kh4 {[%emt 0:00:16]} Ke3 {[%emt 0:00:30]} 53. g4 {[%emt 0:00:15]} e4 {[%emt 0:00:12]} 54. g5 {[%emt 0:00:04]} Kf2 {[%emt 0:00:19]} 55. Rf8+ {[%emt 0:02:14]} Kg2 {[%emt 0:03:50]} 56. g6 {[%emt 0:05:53]} e3 {[%emt 0:00:35]} 57. Re8 {[%emt 0:07:02]} Kf2 {[%emt 0:00:28]} 58. Rf8+ {[%emt 0:02:16]} Kg2 {[%emt 0:00:06]} 59. g7 {[%emt 0:01:56]} Bc4 {[%emt 0:00:59]} 60. Re8 {[%emt 0:00:40]} Kf2 {[%emt 0:01:26]} 61. Rf8+ {[%emt 0:01:50]} Kg2 {[%emt 0:00:38]} 62. g8=Q+ {[%emt 0:00:27]} Bxg8 {[%emt 0:00:05]} 63. Rxg8+ {[%emt 0:00:05]} Kf2 {[%emt 0:01:05]} 64. Rf8+ {[%emt 0:00:10]} Kg2 {[%emt 0:00:26]} 65. Rg8+ {[%emt 0:00:12]} Kf2 {[%emt 0:00:17]} 66. Kh3 {[%emt 0:00:11]} e2 {[%emt 0:00:28]} 67. Rg2+ {[%emt 0:00:21]} Kf1 {[%emt 0:00:36]} 68. Rxe2 {[%emt 0:00:04]} Kxe2 {[%emt 0:00:02]} 1/2-1/2

[Event "29. Klatovy A 2023"]
[Site "Klatovy"]
[Date "2023.07.02"]
[Round "2.17"]
[White "Munk, Petr"]
[Black "Kishore, Kumar Jaganathan"]
[Result "1-0"]
[WhiteElo "2096"]
[BlackElo "1860"]
[PlyCount "95"]
[EventDate "2023.07.01"]
[EventType "swiss"]
[EventRounds "9"]
[EventCountry "CZE"]
[TimeControl "120+30"]

1. e4 {[%emt 0:00:00]} c5 {[%emt 0:00:25]} 2. Nf3 {[%emt 0:01:41]} d6 {[%emt 0:00:11]} 3. d4 {[%emt 0:00:53]} cxd4 {[%emt 0:00:05]} 4. Nxd4 {[%emt 0:00:00]} Nf6 {[%emt 0:00:14]} 5. Nc3 {[%emt 0:00:01]} a6 {[%emt 0:00:19]} 6. Be3 {[%emt 0:01:27]} e5 {[%emt 0:00:19]} 7. Nb3 {[%emt 0:00:10]} Be6 {[%emt 0:00:17]} 8. f3 {[%emt 0:01:20]} Be7 {[%emt 0:00:27]} 9. Qd2 {[%emt 0:00:07]} O-O {[%emt 0:00:22]} 10. O-O-O {[%emt 0:01:18]} Nbd7 {[%emt 0:00:26]} 11. Nd5 {[%emt 0:05:44]} Bxd5 {[%emt 0:09:33]} 12. exd5 {[%emt 0:00:02]} a5 {[%emt 0:00:31]} 13. a4 {[%emt 0:06:48]} Qc7 {[%emt 0:06:26]} 14. g4 {[%emt 0:22:19]} Rfc8 {[%emt 0:03:40]} 15. Qf2 {[%emt 0:00:13]} Nc5 {[%emt 0:05:33]} 16. Nxc5 {[%emt 0:01:08]} dxc5 {[%emt 0:00:06]} 17. c4 {[%emt 0:03:56]} Ra6 {[%emt 0:04:33]} 18. Bd3 {[%emt 0:00:41]} Rb6 {[%emt 0:03:18]} 19. Bf5 {[%emt 0:11:04]} Re8 {[%emt 0:15:30]} 20. Qc2 {[%emt 0:06:56]} g6 {[%emt 0:06:11]} 21. Be4 {[%emt 0:00:19]} Qd7 {[%emt 0:03:05]} 22. g5 {[%emt 0:10:37]} Nxe4 {[%emt 0:19:46]} 23. fxe4 {[%emt 0:00:01]} Rb4 {[%emt 0:00:33]} 24. d6 {[%emt 0:12:01]} Qe6 {[%emt 0:04:00]} 25. Rd5 {[%emt 0:01:53]} Bxd6 {[%emt 0:00:18]} 26. Rhd1 {[%emt 0:02:19]} Be7 {[%emt 0:01:59]} 27. Bd2 {[%emt 0:01:46]} Rb6 {[%emt 0:00:48]} 28. Qc3 {[%emt 0:00:35]} Bf8 {[%emt 0:09:36]} 29. Qxa5 {[%emt 0:01:51]} Ra6 {[%emt 0:01:11]} 30. Qb5 {[%emt 0:00:11]} Rea8 {[%emt 0:01:03]} 31. a5 {[%emt 0:00:30]} b6 {[%emt 0:01:52]} 32. Bc3 {[%emt 0:00:09]} Qg4 {[%emt 0:08:20]} 33. Rxe5 {[%emt 0:06:43]} Rxa5 {[%emt 0:00:53]} 34. Qd7 {[%emt 0:00:30]} Ra1+ {[%emt 0:01:39]} 35. Kc2 {[%emt 0:00:00]} Qe2+ {[%emt 0:00:46]} 36. Rd2 {[%emt 0:00:13]} Qxc4 {[%emt 0:01:00]} 37. Re8 {[%emt 0:01:13]} b5 {[%emt 0:03:40]} 38. Qd8 {[%emt 0:06:29]} Qa4+ {[%emt 0:03:28]} 39. b3 {[%emt 0:00:02]} Ra2+ {[%emt 0:05:45]} 40. Bb2 {[%emt 0:00:23]} Rxb2+ {[%emt 0:00:27]} 41. Kxb2 {[%emt 0:00:03]} Qa1+ {[%emt 0:05:30]} 42. Kc2 {[%emt 0:00:02]} Rxd8 {[%emt 0:00:44]} 43. Rdxd8 {[%emt 0:00:02]} Qg7 {[%emt 0:00:17]} 44. e5 {[%emt 0:00:06]} h6 {[%emt 0:00:49]} 45. h4 {[%emt 0:05:52]} hxg5 {[%emt 0:02:24]} 46. hxg5 {[%emt 0:00:37]} b4 {[%emt 0:03:30]} 47. Kd3 {[%emt 0:00:17]} f5 {[%emt 0:01:26]} 48. exf6 {[%emt 0:00:16]} 1-0

[Event "29. Klatovy A 2023"]
[Site "Klatovy"]
[Date "2023.07.02"]
[Round "2.18"]
[White "Pirklova, Hana"]
[Black "Benes, Jachym"]
[Result "1-0"]
[WhiteElo "2085"]
[BlackElo "1806"]
[PlyCount "63"]
[EventDate "2023.07.01"]
[EventType "swiss"]
[EventRounds "9"]
[EventCountry "CZE"]
[TimeControl "120+30"]

1. e4 {[%emt 0:13:10]} e6 {[%emt 0:00:18]} 2. d4 {[%emt 0:00:10]} d5 {[%emt 0:00:05]} 3. e5 {[%emt 0:00:07]} c5 {[%emt 0:00:05]} 4. c3 {[%emt 0:00:03]} Nc6 {[%emt 0:00:04]} 5. Nf3 {[%emt 0:00:13]} Qb6 {[%emt 0:00:05]} 6. a3 {[%emt 0:00:10]} c4 {[%emt 0:01:07]} 7. Be2 {[%emt 0:01:22]} Bd7 {[%emt 0:02:12]} 8. O-O {[%emt 0:00:11]} f6 {[%emt 0:02:05]} 9. exf6 {[%emt 0:03:14]} gxf6 {[%emt 0:00:12]} 10. Nbd2 {[%emt 0:01:00]} Bd6 {[%emt 0:00:50]} 11. b3 {[%emt 0:06:13]} cxb3 {[%emt 0:00:50]} 12. Nxb3 {[%emt 0:02:40]} Nge7 {[%emt 0:00:37]} 13. c4 {[%emt 0:13:21]} dxc4 {[%emt 0:00:00]} 14. Bxc4 {[%emt 0:00:23]} O-O-O {[%emt 0:03:51]} 15. Qe2 {[%emt 0:11:25]} e5 {[%emt 0:08:49]} 16. d5 {[%emt 0:17:23]} Nd4 {[%emt 0:04:36]} 17. Nfxd4 {[%emt 0:05:13]} exd4 {[%emt 0:00:05]} 18. Bd2 {[%emt 0:05:30]} Be5 {[%emt 0:06:47]} 19. Rac1 {[%emt 0:09:22]} Kb8 {[%emt 0:01:14]} 20. Ba5 {[%emt 0:21:24]} Qd6 {[%emt 0:00:04]} 21. Bb4 {[%emt 0:00:30]} Bxh2+ {[%emt 0:00:05]} 22. Kh1 {[%emt 0:00:04]} Qf4 {[%emt 0:00:04]} 23. Qh5 {[%emt 0:00:44]} Bg4 {[%emt 0:04:28]} 24. Qxh2 {[%emt 0:02:20]} Qxh2+ {[%emt 0:00:03]} 25. Kxh2 {[%emt 0:00:04]} Nxd5 {[%emt 0:00:06]} 26. Bxd5 {[%emt 0:02:09]} Rxd5 {[%emt 0:00:04]} 27. f3 {[%emt 0:00:44]} Bd7 {[%emt 0:00:13]} 28. Nc5 {[%emt 0:07:49]} Bb5 {[%emt 0:00:08]} 29. Rfd1 {[%emt 0:02:39]} Re8 {[%emt 0:00:17]} 30. Ne4 {[%emt 0:01:40]} Re6 {[%emt 0:00:17]} 31. Rc5 {[%emt 0:03:20]} Rxc5 {[%emt 0:00:05]} 32. Nxc5 {[%emt 0:00:12]} 1-0

[Event "29. Klatovy A 2023"]
[Site "Klatovy"]
[Date "2023.07.02"]
[Round "2.19"]
[White "Filindash, Nikita"]
[Black "Hlavacek, Ondrej 1999"]
[Result "1-0"]
[WhiteElo "2011"]
[BlackElo "1780"]
[PlyCount "89"]
[EventDate "2023.07.01"]
[EventType "swiss"]
[EventRounds "9"]
[EventCountry "CZE"]

1. d4 Nf6 2. c4 g6 3. Nc3 d5 4. cxd5 Nxd5 5. e4 Nxc3 6. bxc3 Bg7 7. Nf3 c5 8. Be3 Bg4 9. Be2 Nc6 10. e5 Qa5 11. O-O O-O 12. Qb3 Rab8 13. h3 cxd4 14. cxd4 Be6 15. Bc4 Bxc4 16. Qxc4 Qb4 17. Qc2 Rfc8 18. Rfc1 e6 19. Rab1 Qa5 20. Bd2 Qd8 21. Qe4 Qd7 22. Bg5 b6 23. Qh4 Qd5 24. Re1 Bf8 25. Bf6 Rb7 26. Ng5 h6 27. Ne4 Nxd4 28. Rbd1 Nf5 29. Qf4 Qxa2 30. g4 Qa4 31. Be7 Kg7 32. Ra1 Qb3 33. Bxf8+ Rxf8 34. gxf5 Qxh3 35. Nd6 Rc7 36. Re3 Qh5 37. f6+ Kg8 38. Kg2 g5 39. Qe4 Qg6 40. Qxg6+ fxg6 41. f7+ Kh7 42. Rea3 a5 43. Rb3 Rc5 44. Rxb6 Rxe5 45. Rab1 1-0

[Event "29. Klatovy A 2023"]
[Site "Klatovy"]
[Date "2023.07.02"]
[Round "2.20"]
[White "Holy, Filip"]
[Black "Andrle, Filip"]
[Result "1/2-1/2"]
[WhiteElo "2129"]
[BlackElo "1692"]
[PlyCount "95"]
[EventDate "2023.07.01"]
[EventType "swiss"]
[EventRounds "9"]
[EventCountry "CZE"]

1. e4 c5 2. Nf3 Nc6 3. d4 cxd4 4. Nxd4 Nf6 5. Nc3 d6 6. Bg5 e6 7. Qd2 Be7 8. O-O-O a6 9. f4 Qc7 10. Bxf6 gxf6 11. f5 b5 12. Kb1 Nxd4 13. Qxd4 Bb7 14. Be2 e5 15. Nd5 Bxd5 16. Qxd5 Rc8 17. c3 Rg8 18. Bh5 Rg7 19. Rd3 Qc4 20. g4 Qxd5 21. Rxd5 Kd7 22. Kc2 Rc6 23. h3 Bd8 24. Kd3 Ke7 25. a4 bxa4 26. Ra1 Bb6 27. Rxa4 a5 28. Rc4 Rxc4 29. Kxc4 Rg8 30. Rb5 Rc8+ 31. Kd5 Rc5+ 32. Rxc5 Bxc5 33. b3 Ba3 34. Kc4 Bb2 35. b4 a4 36. Kd3 a3 37. Kc2 Ba1 38. Kb3 a2 39. Kxa2 Bxc3 40. Kb3 Bd4 41. Kc4 Kd7 42. Kd5 Bc3 43. b5 Bd4 44. Bxf7 h6 45. Be6+ Kc7 46. h4 Be3 47. g5 hxg5 48. hxg5 1/2-1/2

[Event "29. Klatovy A 2023"]
[Site "Klatovy"]
[Date "2023.07.02"]
[Round "2.23"]
[White "Novotny, David"]
[Black "Pick, Stepan"]
[Result "1-0"]
[WhiteElo "2034"]
[BlackElo "1911"]
[PlyCount "75"]
[EventDate "2023.07.01"]
[EventType "swiss"]
[EventRounds "9"]
[EventCountry "CZE"]

1. e4 d6 2. d4 Nf6 3. Nc3 g6 4. Bg5 Bg7 5. e5 Nfd7 6. exd6 cxd6 7. Qd2 Nf6 8. Bh6 O-O 9. f3 Qa5 10. h4 Nc6 11. O-O-O Nb4 12. Bc4 Be6 13. Bxe6 fxe6 14. Kb1 Rac8 15. Bxg7 Kxg7 16. Nge2 Nbd5 17. h5 Nxc3+ 18. Nxc3 Nxh5 19. Qe3 Nf4 20. g3 Rxc3 21. bxc3 Nd5 22. Qxe6 Rf6 23. Qe1 Nxc3+ 24. Kc1 Qa3+ 25. Kd2 Nxd1 26. Qxe7+ Rf7 27. Rxh7+ Kxh7 28. Qxf7+ Kh6 29. Kxd1 Qb4 30. Qf8+ Kh7 31. Qf7+ Kh6 32. Qd5 Qb1+ 33. Kd2 Qb4+ 34. Kd3 a5 35. g4 a4 36. f4 b5 37. Qg8 Qa3+ 38. c3 1-0

[Event "29. Klatovy A 2023"]
[Site "Klatovy"]
[Date "2023.07.02"]
[Round "2.24"]
[White "Vana, Jan 2010"]
[Black "Folkova, Martina"]
[Result "0-1"]
[WhiteElo "1890"]
[BlackElo "2030"]
[PlyCount "70"]
[EventDate "2023.07.01"]
[EventType "swiss"]
[EventRounds "9"]
[EventCountry "CZE"]

1. d4 d5 2. c4 e6 3. Nc3 Nf6 4. Bg5 Be7 5. Nf3 Nbd7 6. e3 c6 7. Bd3 dxc4 8. Bxc4 b5 9. Bd3 Bb7 10. O-O a6 11. Rc1 Rc8 12. Re1 c5 13. e4 cxd4 14. Nxd4 b4 15. e5 bxc3 16. exf6 Nxf6 17. bxc3 Qd5 18. Qf3 Qxf3 19. Nxf3 h6 20. Bh4 Nd7 21. Bxe7 Kxe7 22. Nd4 Kf6 23. Bf1 Rhd8 24. Rb1 Nc5 25. Rb6 Rc7 26. Reb1 Be4 27. R1b4 a5 28. Rc4 Bd5 29. Nc6 Bxc4 30. Nxd8 Bd5 31. Bb5 Nd7 32. Rd6 Ne5 33. f4 Ng4 34. Rd7 Rxd7 35. Bxd7 Ke7 0-1

[Event "29. Klatovy A 2023"]
[Site "Klatovy"]
[Date "2023.07.02"]
[Round "2.25"]
[White "Zadrapa, Radek"]
[Black "Kovar, Petr"]
[Result "1-0"]
[WhiteElo "2014"]
[BlackElo "1879"]
[PlyCount "71"]
[EventDate "2023.07.01"]
[EventType "swiss"]
[EventRounds "9"]
[EventCountry "CZE"]

1. d4 d5 2. c4 e6 3. Nf3 Nf6 4. Nc3 c5 5. cxd5 exd5 6. Bg5 cxd4 7. Nxd4 Be7 8. e3 O-O 9. Bd3 Nc6 10. Nde2 Qb6 11. O-O Rd8 12. Na4 Qb4 13. Bf4 b5 14. Nac3 a6 15. a3 Qxb2 16. Ra2 Qxa3 17. Rxa3 Bxa3 18. Qa1 Be7 19. Nxb5 Bg4 20. Nbd4 Nb4 21. Bf5 a5 22. h3 Bxf5 23. Nxf5 Bf8 24. Bg5 Ra6 25. Nh6+ gxh6 26. Bxf6 Rdd6 27. Be5 Rdc6 28. Nf4 Be7 29. Qd1 a4 30. Qg4+ Kf8 31. Qg7+ Ke8 32. Qg8+ Kd7 33. Qxf7 a3 34. Nxd5 Nxd5 35. Qxd5+ Kc8 36. Rd1 1-0

[Event "29. Klatovy A 2023"]
[Site "Klatovy"]
[Date "2023.07.02"]
[Round "2.26"]
[White "Simak, Roman"]
[Black "Zhang, Brian"]
[Result "1/2-1/2"]
[WhiteElo "1838"]
[BlackElo "1966"]
[PlyCount "33"]
[EventDate "2023.07.01"]
[EventType "swiss"]
[EventRounds "9"]
[EventCountry "CZE"]

1. f4 d5 2. Nf3 c5 3. e3 Nc6 4. Bb5 Qb6 5. Qe2 a6 6. Ba4 Qc7 7. c3 Nf6 8. O-O b5 9. Bc2 Bb7 10. d4 e6 11. Nbd2 b4 12. Nb3 bxc3 13. bxc3 cxd4 14. exd4 g6 15. f5 gxf5 16. Bxf5 Be7 17. Bg5 1/2-1/2

[Event "29. Klatovy A 2023"]
[Site "Klatovy"]
[Date "2023.07.02"]
[Round "2.27"]
[White "Polak, Michal 2002"]
[Black "Ruessel, Bernhard"]
[Result "1-0"]
[WhiteElo "1959"]
[BlackElo "1852"]
[PlyCount "63"]
[EventDate "2023.07.01"]
[EventType "swiss"]
[EventRounds "9"]
[EventCountry "CZE"]

1. e4 c6 2. Nf3 d5 3. d3 Bg4 4. h3 Bxf3 5. Qxf3 e6 6. Be2 Nf6 7. O-O Bd6 8. Nd2 Nbd7 9. Re1 Ne5 10. Qe3 Ng6 11. Bf3 d4 12. Qe2 Bc7 13. g3 b5 14. Bg2 h5 15. Nf3 e5 16. Bg5 Qd6 17. a4 O-O 18. h4 Ng4 19. Nh2 Qe6 20. Bh3 Rfb8 21. f3 bxa4 22. Rxa4 Rxb2 23. fxg4 hxg4 24. Bxg4 Qd6 25. Nf3 Qc5 26. Rc4 Qb5 27. Bd7 Rb8 28. Bxc6 Qb6 29. Bd5 Kf8 30. Bc1 Rb1 31. Ng5 f6 32. Ne6+ 1-0

[Event "29. Klatovy A 2023"]
[Site "Klatovy"]
[Date "2023.07.02"]
[Round "2.28"]
[White "Sedmihradsky, Tomas"]
[Black "Strnad, Jakub"]
[Result "1/2-1/2"]
[WhiteElo "1775"]
[BlackElo "1957"]
[PlyCount "53"]
[EventDate "2023.07.01"]
[EventType "swiss"]
[EventRounds "9"]
[EventCountry "CZE"]

1. c4 e6 2. g3 d5 3. cxd5 exd5 4. Bg2 Nf6 5. d3 b6 6. Nf3 Bb7 7. O-O Be7 8. Bd2 O-O 9. a3 c5 10. Re1 Re8 11. Qa4 d4 12. b4 Bc6 13. b5 Bb7 14. Qb3 Bd5 15. Qc2 Nbd7 16. a4 Bf8 17. Na3 Ne5 18. Nc4 Nxf3+ 19. exf3 Qc7 20. f4 Qb7 21. Bxd5 Qxd5 22. Re5 Rxe5 23. fxe5 Ng4 24. Re1 Qf3 25. Bf4 Re8 26. h3 Nf6 27. Qd1 1/2-1/2

[Event "29. Klatovy A 2023"]
[Site "Klatovy"]
[Date "2023.07.02"]
[Round "2.29"]
[White "Flajsman, Petr"]
[Black "Zadrapova, Amalie"]
[Result "1/2-1/2"]
[WhiteElo "1956"]
[BlackElo "1789"]
[PlyCount "121"]
[EventDate "2023.07.01"]
[EventType "swiss"]
[EventRounds "9"]
[EventCountry "CZE"]

1. d4 Nf6 2. Nf3 g6 3. c4 Bg7 4. Nc3 O-O 5. e4 d6 6. h3 e5 7. Be3 Nh5 8. g4 Nf4 9. Qd2 g5 10. O-O-O exd4 11. Nxd4 Be5 12. Nf3 Qf6 13. Nxg5 Bxc3 14. Qxc3 Qxc3+ 15. bxc3 Ng6 16. c5 dxc5 17. Bxc5 Re8 18. Bb5 c6 19. Bd3 Ne5 20. f4 Nxd3+ 21. Rxd3 Nd7 22. Ba3 h6 23. Nf3 Rxe4 24. f5 Re8 25. Rhd1 Nf6 26. Rd8 Bd7 27. Rxa8 Rxa8 28. Ne5 Be8 29. c4 b6 30. Be7 Ne4 31. Rd4 Ng5 32. h4 Nh7 33. g5 hxg5 34. hxg5 Kg7 35. Rh4 c5 36. f6+ Kg8 37. Rh5 Rb8 38. Rh4 b5 39. g6 fxg6 40. f7+ Bxf7 41. Nxf7 Rb7 42. Nh6+ Kg7 43. Bxc5 g5 44. Rh2 Rc7 45. Bd4+ Kg6 46. c5 Nf6 47. Kb2 Nd7 48. c6 Rxc6 49. Bxa7 Ne5 50. Ng8 Nd3+ 51. Kb3 Rc4 52. Be3 g4 53. Ne7+ Kf6 54. Nd5+ Ke5 55. Nc3 Rb4+ 56. Kc2 Rb2+ 57. Kxd3 Rxh2 58. Ne2 Rh3 59. Nf4 Rf3 60. Ng6+ Kf6 61. Nf4 1/2-1/2

[Event "29. Klatovy A 2023"]
[Site "Klatovy"]
[Date "2023.07.02"]
[Round "2.30"]
[White "Mik, Tomas"]
[Black "Zhang, Michelle 2013"]
[Result "0-1"]
[WhiteElo "1940"]
[BlackElo "1772"]
[PlyCount "124"]
[EventDate "2023.07.01"]
[EventType "swiss"]
[EventRounds "9"]
[EventCountry "CZE"]

1. e4 c6 2. d4 d5 3. f3 e6 4. Nc3 Bb4 5. Nge2 Ne7 6. Be3 b6 7. Qd2 Ba6 8. g4 Nd7 9. O-O-O O-O 10. g5 c5 11. a3 Bxc3 12. Qxc3 Rc8 13. Qe1 cxd4 14. Nxd4 Bxf1 15. Qxf1 e5 16. Nf5 d4 17. Bd2 Nxf5 18. exf5 Qc7 19. c3 Nc5 20. Kb1 Na4 21. Rc1 Qd7 22. f6 Qf5+ 23. Ka1 Nc5 24. Qb5 Qxf3 25. fxg7 Kxg7 26. Rcf1 Qc6 27. Qe2 Nb3+ 28. Ka2 Nxd2 29. Qxd2 dxc3 30. Qxc3 Qxc3 31. bxc3 Rxc3 32. Rf5 e4 33. Re5 Rc2+ 34. Kb3 Re2 35. Rf1 Rd8 36. Rf4 e3 37. h4 Re1 38. Re7 Rf8 39. Rfe4 e2 40. Rxe2 Rxe2 41. Rxe2 f5 42. gxf6+ Rxf6 43. Re7+ Rf7 44. Re6 h5 45. Re4 Kg6 46. Kc4 Rf3 47. a4 Kf5 48. Re7 a5 49. Rf7+ Kg4 50. Rg7+ Kxh4 51. Rg1 Rg3 52. Rh1+ Kg4 53. Kb5 Rb3+ 54. Kc6 h4 55. Rg1+ Kf3 56. Rh1 Kg3 57. Rg1+ Kf2 58. Rg4 h3 59. Rh4 Kg2 60. Rg4+ Rg3 61. Rh4 h2 62. Kxb6 Rg5 0-1

[Event "29. Klatovy A 2023"]
[Site "Klatovy"]
[Date "2023.07.03"]
[Round "3.1"]
[White "Vorisek, Jaroslav"]
[Black "Hurdzan, Tomas"]
[Result "1-0"]
[WhiteElo "2260"]
[BlackElo "2309"]
[PlyCount "69"]
[EventDate "2023.07.01"]
[EventType "swiss"]
[EventRounds "9"]
[EventCountry "CZE"]
[TimeControl "120+30"]

1. d4 {[%emt 0:00:03]} Nf6 {[%emt 0:00:22]} 2. Nf3 {[%emt 0:00:16]} g6 {[%emt 0:00:30]} 3. g3 {[%emt 0:00:24]} Bg7 {[%emt 0:00:06]} 4. Bg2 {[%emt 0:00:09]} O-O {[%emt 0:01:31]} 5. c4 {[%emt 0:00:35]} d6 {[%emt 0:00:09]} 6. O-O {[%emt 0:00:27]} Nbd7 {[%emt 0:00:33]} 7. Qc2 {[%emt 0:01:30]} e5 {[%emt 0:01:10]} 8. Rd1 {[%emt 0:01:24]} Qe7 {[%emt 0:00:52]} 9. Nc3 {[%emt 0:02:06]} Re8 {[%emt 0:00:34]} 10. b3 {[%emt 0:14:42]} exd4 {[%emt 0:02:13]} 11. Nxd4 {[%emt 0:00:22]} Nc5 {[%emt 0:00:44]} 12. Bb2 {[%emt 0:16:46]} c6 {[%emt 0:13:17]} 13. Re1 {[%emt 0:23:40]} Nfe4 {[%emt 0:04:27]} 14. Nd1 {[%emt 0:00:53]} h5 {[%emt 0:15:53]} 15. f3 {[%emt 0:03:06]} Nf6 {[%emt 0:12:25]} 16. e4 {[%emt 0:07:16]} h4 {[%emt 0:14:27]} 17. g4 {[%emt 0:14:58]} Nh7 {[%emt 0:04:30]} 18. Nf2 {[%emt 0:07:29]} Ng5 {[%emt 0:04:20]} 19. f4 {[%emt 0:02:51]} Nge6 {[%emt 0:03:51]} 20. Nf5 {[%emt 0:05:27]} gxf5 {[%emt 0:01:46]} 21. exf5 {[%emt 0:00:02]} Qf8 {[%emt 0:17:28]} 22. fxe6 {[%emt 0:00:49]} fxe6 {[%emt 0:00:15]} 23. Bxg7 {[%emt 0:05:59]} Qxg7 {[%emt 0:01:29]} 24. Rad1 {[%emt 0:00:49]} Rf8 {[%emt 0:04:24]} 25. Rxd6 {[%emt 0:03:46]} Rxf4 {[%emt 0:02:42]} 26. Rd8+ {[%emt 0:00:20]} Rf8 {[%emt 0:01:17]} 27. Rxf8+ {[%emt 0:00:16]} Kxf8 {[%emt 0:00:09]} 28. Qd2 {[%emt 0:01:00]} Ke7 {[%emt 0:06:17]} 29. Qe3 {[%emt 0:02:56]} Na6 {[%emt 0:01:28]} 30. Qh3 {[%emt 0:02:05]} Qh8 {[%emt 0:02:46]} 31. Qd3 {[%emt 0:03:13]} Bd7 {[%emt 0:00:43]} 32. Rd1 {[%emt 0:00:18]} Rd8 {[%emt 0:02:11]} 33. Qd6+ {[%emt 0:00:04]} Kf7 {[%emt 0:00:39]} 34. Ne4 {[%emt 0:00:12]} Kg6 {[%emt 0:01:23]} 35. Qe7 {[%emt 0:01:57]} 1-0